LEADER 01067nam a2200241 i 4500 001 000000074000 003 CaOOAMICUS 005 20260423164414.0 008 070329s1922 it u000 u ita u 040 $aSeMil$bita 100 1 $aMonti, Antonio <1882-1953>.$0(OLS)http://semarc/name/5489 245 12$aL'idea federalistica nel Risorgimento Italiano :$bsaggio storico /$cAntonio Monti. 260 $aBari :$bLaterza & Figli,$c1922. 300 $aVIII, 186 p. ;$c21 cm. 490 1 $aBiblioteca di cultura moderna 650 4$aFederalismo - Italia - Sec. 19.$0(OLS)http://semarc/subject/60090 650 4$aRisorgimento italiano.$0(OLS)http://semarc/subject/4116 830 0$aBiblioteca di cultura moderna.$0(OLS)http://semarc/title/639 850 $aSeMil 852 $aSeMil$W1$xVenegono$y1$m3U I 735$j270818$B40152$CSeMilBibl$Z2$F40156 $81 996 $6245$aL'idea federalistica nel Risorgimento Italiano :$bsaggio storico$9(OLS)http://semarc/title/120058 996 $6260$aBari :$bLaterza & Figli$9(OLS)http://semarc/publisher/29663